000 00391nam a2200157Ia 4500
008 210716s2009 xx 000 0 und d
020 _a9789380156392
041 _aeng
082 _a658.12 BHAR
100 _aBhatia, R C.
245 _aBusiness organisation and management.
250 _a1
260 _aNew Delhi
_bAne Books India
_c2009
300 _axxiii,327
650 _aMANAGEMENT
999 _c205984
_d205984